[Event "Cto de Aragon por Equipos D. Honor"]
[Site "?"]
[Date "2020.02.29"]
[Round "6.26"]
[White "Garcia Fernandez, Javier"]
[Black "Ayensa Garcia, Miguel Angel"]
[Result "0-1"]
[WhiteElo "2171"]
[BlackElo "1970"]
[PlyCount "134"]
[EventDate "2020.01.25"]
[WhiteTeam "Teruel"]
[BlackTeam "St. Casablanca B"]

1. e4 c5 2. Nf3 e6 3. d4 cxd4 4. Nxd4 Nf6 5. Nc3 Nc6 6. Nxc6 dxc6 7. Qxd8+ Kxd8
8. Bg5 h6 9. O-O-O+ Ke8 10. Bh4 g5 11. Bg3 Nh5 12. Bc7 Bd7 13. e5 Rc8 14. Bd6
Bxd6 15. Rxd6 Ke7 16. Ne4 c5 17. Be2 Nf4 18. Bf3 Ng6 19. Rhd1 Nxe5 20. Rxd7+
Nxd7 21. Nd6 b6 22. Nxf7 Kxf7 23. Rxd7+ Kf6 24. Rxa7 Rcd8 25. a4 Rd4 26. a5
bxa5 27. Rxa5 Rc8 28. h3 Rf4 29. Kd2 Rc7 30. Ke3 Rb4 31. b3 c4 32. bxc4 Rcxc4
33. Ra2 Kg6 34. Be2 Re4+ 35. Kd2 Rf4 36. Bd3+ Kf6 37. Ke3 Ra4 38. Rb2 Rfb4 39.
Rxb4 Rxb4 40. g3 Rb1 41. Kf3 Rb4 42. Ke3 Rb1 43. Kf3 h5 44. Bh7 Rh1 45. Kg2 Ra1
46. Kf3 Ke5 47. Ke3 Ra4 48. Bg6 h4 49. Bd3 g4 50. f4+ Kf6 51. gxh4 gxh3 52. Kf3
h2 53. Kg2 Rxf4 54. Kxh2 Rxh4+ 55. Kg3 Ra4 56. Kf3 Ke5 57. Ke3 Ra3 58. Kf3 Kd4
59. Ke2 e5 60. Kd2 e4 61. c3+ Ke5 62. Bc4 Kf4 63. Bd5 e3+ 64. Kd3 Ra7 65. Ke2
Rh7 66. Bg8 Rh2+ 67. Kd3 Rd2+ 0-1

[Event "Cto de Aragon por Equipos D. Honor"]
[Site "?"]
[Date "2020.02.29"]
[Round "6.27"]
[White "Sanjulian Arruga, Pablo"]
[Black "Dominguez Bujeda, Jesus"]
[Result "0-1"]
[WhiteElo "1961"]
[BlackElo "2079"]
[PlyCount "56"]
[EventDate "2020.01.25"]
[WhiteTeam "St. Casablanca B"]
[BlackTeam "Teruel"]

1. c4 e6 2. Nf3 Nf6 3. Nc3 d5 4. e3 Be7 5. b3 c5 6. Bb2 O-O 7. g3 Nc6 8. Bg2 d4
9. exd4 cxd4 10. Ne2 e5 11. d3 h6 12. O-O Bf5 13. a3 a5 14. Re1 Nd7 15. Nfxd4
exd4 16. Bxc6 bxc6 17. Nxd4 Bf6 18. Nxc6 Qb6 19. Bxf6 Qxc6 20. Be7 Bh3 21. f3
Rfe8 22. d4 Qc7 23. d5 Rxe7 24. Qd4 Rxe1+ 25. Rxe1 Qc5 26. Qxc5 Nxc5 27. b4
axb4 28. axb4 Nd3 0-1

[Event "Cto de Aragon por Equipos D. Honor"]
[Site "?"]
[Date "2020.02.29"]
[Round "6.28"]
[White "Martin Catalan, Juan Vicente"]
[Black "Alvarez Gonzalo, Miguel Angel"]
[Result "1-0"]
[WhiteElo "1977"]
[BlackElo "1788"]
[PlyCount "125"]
[EventDate "2020.01.25"]
[WhiteTeam "Teruel"]
[BlackTeam "St. Casablanca B"]

1. d4 Nf6 2. Nf3 e6 3. e3 b6 4. Bd3 Bb7 5. Nbd2 d5 6. b3 c5 7. Bb2 Nc6 8. a3
Bd6 9. Ne5 cxd4 10. exd4 O-O 11. f4 Ne7 12. Qf3 Qc7 13. O-O Rac8 14. Rf2 g6 15.
Re1 Nf5 16. g4 Ng7 17. Rg2 Qe7 18. Ra1 Rc7 19. Re2 Rfc8 20. h3 a6 21. Qe3 Nfe8
22. Kg2 f6 23. Nef3 Rc6 24. f5 g5 25. fxe6 Bf4 26. Qf2 Rxe6 27. Rae1 Rcc6 28.
Nf1 Rxe2 29. Rxe2 Re6 30. Rxe6 Qxe6 31. Qe2 Qxe2+ 32. Bxe2 Ne6 33. Ne1 Kg7 34.
Nd3 Bd6 35. Ne3 Nf4+ 36. Nxf4 Bxf4 37. Nf5+ Kf7 38. Bf3 Nc7 39. c4 a5 40. a4
Ba8 41. Ba3 Ke6 42. Kf2 dxc4 43. Bxa8 Nxa8 44. bxc4 Nc7 45. Kf3 Ne8 46. d5+ Kd7
47. Ke4 Be5 48. Bc1 Nd6+ 49. Nxd6 Kxd6 50. Be3 Kc7 51. Bxg5 Bc3 52. Bf4+ Kd7
53. Kf5 Bd4 54. h4 Ke7 55. Bg3 Kd7 56. g5 fxg5 57. Kxg5 Be3+ 58. Kf6 h6 59. h5
Bg5+ 60. Kf5 Be3 61. Bf4 Bd4 62. Bxh6 Ke7 63. Kg6 1-0

[Event "Cto de Aragon por Equipos D. Honor"]
[Site "?"]
[Date "2020.02.29"]
[Round "6.29"]
[White "Accattato Martin, Mario"]
[Black "Cid Royo, Jonathan"]
[Result "1-0"]
[WhiteElo "2223"]
[BlackElo "2219"]
[PlyCount "95"]
[EventDate "2020.01.25"]
[WhiteTeam "Monzon"]
[BlackTeam "L'Aurora"]

1. e4 c5 2. Nf3 d6 3. Bb5+ Bd7 4. Bxd7+ Nxd7 5. O-O Ngf6 6. Re1 e6 7. d4 cxd4
8. Nxd4 a6 9. c4 Be7 10. b3 O-O 11. Nc3 Rc8 12. Qd2 Ne5 13. Bb2 Qc7 14. Qe2
Rfd8 15. Nc2 d5 16. exd5 Neg4 17. g3 Bc5 18. Rf1 Nxf2 19. Rxf2 exd5 20. cxd5
Bxf2+ 21. Qxf2 Nxd5 22. Nxd5 Rxd5 23. Ne3 Rd3 24. Nf5 Rcd8 25. Bxg7 Rd1+ 26.
Rxd1 Rxd1+ 27. Kg2 Qc6+ 28. Kh3 Qd7 29. Qf4 Rd5 30. Qb8+ Qd8 31. Qxd8+ Rxd8 32.
Kg4 Rd2 33. h4 Rxa2 34. Kg5 Ra5 35. Bh6 Rb5 36. Kf6 Rb6+ 37. Ke7 Re6+ 38. Kd7
Re2 39. Ne7+ Kh8 40. g4 Re6 41. g5 b5 42. Ke8 f5 43. Kf7 Rxh6 44. gxh6 f4 45.
h5 f3 46. Ng6+ hxg6 47. hxg6 f2 48. g7+ 1-0

[Event "Cto de Aragon por Equipos D. Honor"]
[Site "?"]
[Date "2020.02.29"]
[Round "6.30"]
[White "Cid Royo, Oscar"]
[Black "Arrieta Restrepo, Steven"]
[Result "1-0"]
[WhiteElo "2021"]
[BlackElo "2051"]
[PlyCount "92"]
[EventDate "2020.01.25"]
[WhiteTeam "L'Aurora"]
[BlackTeam "Monzon"]

1. d4 Nf6 2. Nf3 e6 3. g3 b5 4. Bg2 Bb7 5. O-O Be7 6. b3 b4 7. Bb2 O-O 8. c4 d6
9. Nbd2 Nbd7 10. Qc2 c5 11. dxc5 Nxc5 12. Ng5 g6 13. Bxb7 Nxb7 14. Rfd1 Qa5 15.
Nge4 Nxe4 16. Nxe4 f5 17. Nd2 Bf6 18. Bxf6 Rxf6 19. Nf3 e5 20. Rd5 Qc7 21. Rad1
a5 22. Qd2 Ra6 23. Rb5 Qc6 24. Qh6 Rf7 25. Nxe5 dxe5 26. Rxb7 Rxb7 27. Rd8+ Kf7
28. Qf8+ Ke6 29. Re8+ Qxe8 30. Qxe8+ Kf6 31. Qh8+ Rg7 32. Qd8+ Re7 33. Qf8+ Rf7
34. Qd8+ Re7 35. c5 e4 36. Kg2 Kf7 37. Qd5+ Ree6 38. Qb7+ Kg8 39. Qd5 Kg7 40.
e3 Rf6 41. h4 h5 42. f3 Rfe6 43. fxe4 fxe4 44. Kh3 Rac6 45. g4 hxg4+ 46. Kxg4
Kf6 1-0

[Event "Cto de Aragon por Equipos D. Honor"]
[Site "?"]
[Date "2020.02.29"]
[Round "6.31"]
[White "Barranco Mananet, Fernando"]
[Black "Felez Casedas, Carlos"]
[Result "1/2-1/2"]
[WhiteElo "2034"]
[BlackElo "1971"]
[PlyCount "99"]
[EventDate "2020.01.25"]
[WhiteTeam "Monzon"]
[BlackTeam "L'Aurora"]

1. e4 e5 2. Nf3 Nf6 3. Nc3 Nc6 4. d4 exd4 5. Nxd4 Bb4 6. Nxc6 bxc6 7. Bd3 d5 8.
O-O Bxc3 9. bxc3 dxe4 10. Bxe4 Nxe4 11. Qe2 O-O 12. Qxe4 Qd5 13. Qf4 Bf5 14.
Qg3 Bxc2 15. Bf4 Qd3 16. Qxd3 Bxd3 17. Rfe1 Rfe8 18. Bxc7 Rxe1+ 19. Rxe1 Bc4
20. a4 Be6 21. Rb1 Rc8 22. Bd6 h5 23. Bc5 a6 24. Rb6 Bc4 25. f3 Rd8 26. Rxc6
Rd1+ 27. Kf2 Rd2+ 28. Kg3 Bf1 29. h4 Rxg2+ 30. Kf4 Ra2 31. Bd4 Rxa4 32. Rc5 Rc4
33. Rxh5 Rc6 34. Re5 Re6 35. Rc5 Be2 36. Rc8+ Kh7 37. Rc7 Kg8 38. Rc5 Kh7 39.
h5 g6 40. hxg6+ Kxg6 41. Rg5+ Kh6 42. Rg2 Bc4 43. Kf5 Bd3+ 44. Kf4 a5 45. Bg7+
Kh7 46. Bf8 Rg6 47. Ra2 Ra6 48. Ke3 Bb1 49. Rg2 a4 50. Ba3 1/2-1/2

[Event "Cto de Aragon por Equipos D. Honor"]
[Site "?"]
[Date "2020.02.29"]
[Round "6.32"]
[White "Pellicer Cemeli, Jose Luis"]
[Black "Rodriguez Aranda, Kevin"]
[Result "1/2-1/2"]
[WhiteElo "1953"]
[BlackElo "1738"]
[PlyCount "106"]
[EventDate "2020.01.25"]
[WhiteTeam "L'Aurora"]
[BlackTeam "Monzon"]

1. Nf3 c5 2. b3 Nc6 3. Bb2 d5 4. e3 Bf5 5. Bb5 e6 6. Ne5 Qc7 7. O-O Nf6 8. d3
Bd6 9. Bxc6+ bxc6 10. f4 h5 11. h3 h4 12. Qe1 Rh7 13. Nd2 Nd7 14. e4 Bxe5 15.
Bxe5 Nxe5 16. exf5 Nd7 17. fxe6 Nf6 18. exf7+ Kxf7 19. Nf3 Re8 20. Qd2 Rhh8 21.
Ne5+ Kg8 22. Qf2 d4 23. Rae1 Nd5 24. Ng6 Rxe1 25. Qxe1 Ne3 26. Nxh8 Kxh8 27.
Qxh4+ Kg8 28. Rf3 Qa5 29. Qf2 Qxa2 30. Rxe3 dxe3 31. Qxe3 Qxc2 32. Qe6+ Kh8 33.
Qc4 Qd1+ 34. Kh2 Qh5 35. g4 Qe8 36. Kg3 Qe1+ 37. Kf3 Qf1+ 38. Ke4 Qxh3 39. Qxc5
Qh1+ 40. Ke5 Qa1+ 41. d4 Qe1+ 42. Kd6 Qe4 43. Qe5 Qf3 44. g5 Qxb3 45. Kxc6 Qb6+
46. Kd7 a5 47. d5 Qb7+ 48. Ke6 Qc8+ 49. Kf7 Qd7+ 50. Kf8 a4 51. g6 Qd8+ 52. Qe8
Qf6+ 53. Qf7 Qd8+ 1/2-1/2

[Event "Cto de Aragon por Equipos Preferente"]
[Site "?"]
[Date "2020.02.29"]
[Round "6.33"]
[White "Malo Guillen, Jose Luis"]
[Black "Romon Poves, Raul"]
[Result "1/2-1/2"]
[WhiteElo "2099"]
[BlackElo "2237"]
[PlyCount "69"]
[EventDate "2020.??.??"]
[WhiteTeam "Las Fuentes A"]
[BlackTeam "Shatranj"]

1. d4 f5 2. Nf3 g6 3. c4 Nf6 4. Nc3 Bg7 5. g3 O-O 6. Bg2 d6 7. O-O c6 8. Re1
Ne4 9. Qc2 Nxc3 10. Qxc3 e5 11. Bg5 exd4 12. Qd2 Qb6 13. Be7 Re8 14. Bxd6 c5
15. Bf4 Nd7 16. e3 Nf6 17. exd4 Ne4 18. dxc5 Qxc5 19. Qc2 Be6 20. Rac1 Rac8 21.
b3 b5 22. Be3 Qa3 23. Nd4 Bd7 24. Bxe4 Rxe4 25. Qd2 bxc4 26. Rxc4 Rxc4 27. bxc4
f4 28. gxf4 Qe7 29. Nb5 Qe6 30. Nd6 Qg4+ 31. Kf1 Qh3+ 32. Ke2 Rxf4 33. Qd5+ Be6
34. Qc6 Rf8 35. Rc1 1/2-1/2

[Event "Cto de Aragon por Equipos Preferente"]
[Site "?"]
[Date "2020.02.29"]
[Round "6.34"]
[White "Franco Ibanez, Carlos"]
[Black "Alonso Blasco, Jose Miguel"]
[Result "0-1"]
[WhiteElo "1936"]
[BlackElo "1955"]
[PlyCount "64"]
[EventDate "2020.??.??"]
[WhiteTeam "Shatranj"]
[BlackTeam "Las Fuentes A"]

1. d4 Nf6 2. c4 e6 3. g3 Bb4+ 4. Bd2 Bxd2+ 5. Nxd2 Nc6 6. Ngf3 d6 7. Bg2 O-O 8.
O-O e5 9. d5 Ne7 10. e4 Bg4 11. h3 Bxf3 12. Bxf3 Nd7 13. b4 b6 14. Nb3 g6 15.
Rc1 f5 16. c5 Nf6 17. Re1 fxe4 18. Bxe4 Nxe4 19. Rxe4 Qd7 20. g4 Qa4 21. cxd6
cxd6 22. Qe2 Qd7 23. Qd3 Rac8 24. Rxc8 Qxc8 25. Re1 Qa8 26. Rd1 Rf4 27. a3 Qf8
28. Qc2 Qf7 29. Rd3 e4 30. Rd4 e3 31. Rxf4 Qxf4 32. fxe3 Qg3+ 0-1

[Event "Cto de Aragon por Equipos Preferente"]
[Site "?"]
[Date "2020.02.29"]
[Round "6.35"]
[White "Matamoros Villarreal, Antonio"]
[Black "Aznar Andres, Maria Pilar"]
[Result "1/2-1/2"]
[WhiteElo "1912"]
[BlackElo "1597"]
[PlyCount "63"]
[EventDate "2020.??.??"]
[WhiteTeam "Las Fuentes A"]
[BlackTeam "Shatranj"]

1. e4 c5 2. Nf3 d6 3. d3 Nc6 4. g3 Nf6 5. Bg2 g6 6. O-O Bg7 7. c3 O-O 8. Re1
Bg4 9. h3 Bd7 10. Be3 Rb8 11. Qd2 Re8 12. Bh6 Bh8 13. Na3 a6 14. Nc2 b5 15. a3
Qc8 16. Kh2 a5 17. d4 cxd4 18. cxd4 Qc7 19. Rab1 Qb6 20. Be3 Nxe4 21. Qd3 d5
22. Ng5 f5 23. f3 Nf6 24. Bf4 Rbc8 25. Ne6 Nh5 26. Bg5 Qb8 27. f4 Qd6 28. Nc5
Rb8 29. b4 a4 30. Qc3 Bf6 31. Bxf6 Nxf6 32. Nxd7 1/2-1/2

[Event "Cto de Aragon por Equipos Preferente"]
[Site "?"]
[Date "2020.02.29"]
[Round "6.36"]
[White "Santos Hernandez, Higinio"]
[Black "Querol Soro, Sergio"]
[Result "0-1"]
[WhiteElo "1420"]
[BlackElo "1870"]
[PlyCount "72"]
[EventDate "2020.??.??"]
[WhiteTeam "Shatranj"]
[BlackTeam "Las Fuentes A"]

1. d4 Nf6 2. c4 g6 3. Nc3 d5 4. cxd5 Nxd5 5. e4 Nxc3 6. bxc3 c5 7. Bd3 Bg7 8.
Nf3 Bg4 9. O-O O-O 10. h3 Bxf3 11. Qxf3 cxd4 12. cxd4 Nc6 13. Be3 Nxd4 14. Bxd4
Qxd4 15. Rab1 b6 16. Rfd1 Qa4 17. Rbc1 Qxa2 18. Rc7 Qa3 19. Qg4 Rad8 20. Bc4 e6
21. Rcd7 Rxd7 22. Rxd7 Qc1+ 23. Bf1 a5 24. g3 a4 25. Rd1 Qb2 26. Bd3 a3 27. Rb1
Qc3 28. Qe2 Rd8 29. Rd1 a2 30. Qxa2 Rxd3 31. Qa8+ Bf8 32. Ra1 Kg7 33. Ra7 Bc5
34. Kg2 Bxf2 35. Qe8 Rxg3+ 36. Kxf2 Qe3+ 0-1

[Event "Cto de Aragon por Equipos Preferente"]
[Site "?"]
[Date "2020.02.29"]
[Round "6.37"]
[White "Lopez Caudevilla, David"]
[Black "Maza Broto, Pablo"]
[Result "1-0"]
[WhiteElo "2163"]
[BlackElo "2039"]
[PlyCount "95"]
[EventDate "2020.??.??"]
[WhiteTeam "Actur Rey Fernando"]
[BlackTeam "Jaime Casas B"]

1. e4 e6 2. d3 c5 3. Nd2 Nc6 4. g3 g6 5. Bg2 Bg7 6. Ngf3 Nge7 7. h4 h6 8. O-O
d6 9. c3 e5 10. Rb1 Bg4 11. b4 O-O 12. bxc5 dxc5 13. Nc4 Qd7 14. Ba3 b6 15. Ne3
Be6 16. Qc2 f5 17. exf5 gxf5 18. Rfe1 Rad8 19. Rbd1 Qe8 20. Nf1 Qf7 21. Bb2 f4
22. c4 fxg3 23. fxg3 Qh5 24. Qe2 Bg4 25. N1h2 Nf5 26. Qe4 Bxf3 27. Bxf3 Qg6 28.
g4 Ncd4 29. h5 Qg5 30. Bc1 Ng3 31. Bxg5 Nxe4 32. Bxd8 Nc3 33. Be7 Nxf3+ 34.
Nxf3 Rxf3 35. Rd2 Rg3+ 36. Rg2 Rxd3 37. g5 Kf7 38. gxh6 Bh8 39. Bh4 e4 40. Rf1+
Ke6 41. Bf6 Bxf6 42. Rxf6+ Kxf6 43. h7 Rd1+ 44. Kh2 Rd8 45. Rg8 Rd2+ 46. Kh3
Rd3+ 47. Kh4 Kf5 48. Rf8+ 1-0

[Event "Cto de Aragon por Equipos Preferente"]
[Site "?"]
[Date "2020.02.29"]
[Round "6.38"]
[White "Eizaguerri Floris, Maria"]
[Black "Abos Rosico, Antonio"]
[Result "1-0"]
[WhiteElo "2014"]
[BlackElo "2083"]
[PlyCount "65"]
[EventDate "2020.??.??"]
[WhiteTeam "Jaime Casas B"]
[BlackTeam "Actur Rey Fernando"]

1. e4 d6 2. d4 Nf6 3. Nc3 g6 4. Bg5 Bg7 5. Qd2 h6 6. Bf4 g5 7. Bg3 Nh5 8. O-O-O
Nc6 9. Nge2 e6 10. Kb1 Bd7 11. Qe3 a6 12. Nc1 Qb8 13. N3e2 Qa7 14. c3 O-O-O 15.
Qf3 Nxg3 16. Nxg3 f5 17. exf5 exf5 18. Nxf5 Rhf8 19. g4 Qb6 20. Bd3 Nxd4 21.
cxd4 Bxd4 22. Rd2 Rde8 23. Rf1 h5 24. Qd5 Be5 25. h3 Bc6 26. Qc4 Bg2 27. Rg1
Bxh3 28. Ne3 hxg4 29. Rc2 Qc5 30. Qb3 Qa5 31. Nc4 Qb5 32. Nb6+ Qxb6 33. Qxb6
1-0

[Event "Cto de Aragon por Equipos Preferente"]
[Site "?"]
[Date "2020.02.29"]
[Round "6.39"]
[White "Larios Herraiz, Enrique"]
[Black "Salas Latorre, Jose"]
[Result "1-0"]
[WhiteElo "2061"]
[BlackElo "1749"]
[PlyCount "29"]
[EventDate "2020.??.??"]
[WhiteTeam "Actur Rey Fernando"]
[BlackTeam "Jaime Casas B"]

1. d4 d5 2. Nf3 Nf6 3. e3 e6 4. Bd3 c5 5. b3 Nc6 6. Bb2 Be7 7. O-O O-O 8. Nbd2
b6 9. Ne5 {Kb7 f4 c8 a3 c7 Rf3} g6 {Rh3 cxd4 exd4 e8} 10. Qe1 {Bf8 Qh4} Nh5 {
Qf2 Nf6 Re1 Bg7 Qf3 Rc8} 11. b4 {Rcd8 g4 Nd7 Qg3} Nxe5 {fxe5 Nf8} 12. Nf3 g5
13. Bc1 h6 {Rh5 Ng6} 14. h4 Nf4 {Bxf4 gxf4 Qxf4 f6 exf6 Rxf6 Qxf6 Bxf6 Rxh6 f7}
15. Bg6 1-0

[Event "Cto de Aragon por Equipos Preferente"]
[Site "?"]
[Date "2020.02.29"]
[Round "6.40"]
[White "Buil Rello, Jose Antonio"]
[Black "Garcia Alvarez, Sergio"]
[Result "1-0"]
[WhiteElo "1699"]
[BlackElo "1666"]
[PlyCount "97"]
[EventDate "2020.??.??"]
[WhiteTeam "Jaime Casas B"]
[BlackTeam "Actur Rey Fernando"]

1. e4 e6 2. d4 b6 3. c4 Bb7 4. Bd3 Nc6 5. Be3 Nb4 6. Ne2 Nxd3+ 7. Qxd3 Bb4+ 8.
Nbc3 Nf6 9. f3 d6 10. a3 Bxc3+ 11. Qxc3 Qe7 12. b4 a5 13. O-O h6 14. Rfb1 a4
15. Qc2 g5 16. Nc3 g4 17. f4 d5 18. exd5 exd5 19. Re1 Ne4 20. Bf2 f5 21. cxd5
O-O-O 22. Nxe4 fxe4 23. Rxe4 Qd7 24. Re5 Bxd5 25. Rc1 Bb7 26. d5 Kb8 27. f5
Rhe8 28. Bg3 Rxe5 29. Bxe5 Rc8 30. Rd1 Bxd5 31. Qd3 Rd8 32. f6 Kc8 33. Qa6+ Bb7
34. Rxd7 Bxa6 35. Rxd8+ Kxd8 36. Bxc7+ Ke8 37. Bxb6 Kf7 38. Bd4 h5 39. Kf2 Bc4
40. g3 Ke6 41. Ke3 Bb5 42. Kf4 Be8 43. Kg5 Kd5 44. b5 Kd6 45. b6 Bc6 46. Kxh5
Bf3 47. Kg6 Be4+ 48. Kg7 Bd5 49. f7 1-0

[Event "Cto de Aragon por Equipos Preferente"]
[Site "?"]
[Date "2020.02.29"]
[Round "6.41"]
[White "Buisan Zaharia, Pedro"]
[Black "Sig Vargas, Pablo"]
[Result "1-0"]
[WhiteElo "1904"]
[BlackElo "1900"]
[PlyCount "91"]
[EventDate "2020.??.??"]
[WhiteTeam "Jaque B"]
[BlackTeam "Enroque Barbastro"]

1. d4 Nf6 2. Nf3 e6 3. e3 c5 4. c4 cxd4 5. exd4 d5 6. Nc3 Be7 7. Bd3 O-O 8. O-O
b6 9. Bf4 dxc4 10. Bxc4 Nd5 11. Bxd5 exd5 12. Qb3 Ba6 13. Qxd5 Nd7 14. Rfe1 Re8
15. Re3 Nf6 16. Qxd8 Raxd8 17. Rae1 Kf8 18. Ne5 Bb7 19. Bg5 Nd5 20. Nxd5 Bxd5
21. Bxe7+ Rxe7 22. Ng6+ hxg6 23. Rxe7 Bxa2 24. Rxa7 Bc4 25. f3 Kg8 26. Rd1 b5
27. Kf2 b4 28. Rc7 Bd5 29. Rdc1 Kh7 30. Rc8 Rd6 31. Rb8 b3 32. g4 g5 33. Rc5 f6
34. Rbb5 Bg8 35. d5 Kg6 36. Rxb3 Rd7 37. Rd3 Rb7 38. Rd2 f5 39. Rc6+ Kh7 40.
gxf5 Rf7 41. d6 Rxf5 42. d7 g4 43. d8=Q g3+ 44. Kg2 Rh5 45. h3 Bf7 46. h4 1-0

[Event "Cto de Aragon por Equipos Preferente"]
[Site "?"]
[Date "2020.02.29"]
[Round "6.42"]
[White "Sanclemente Aragues, Angel"]
[Black "Carrasquer Alonso, Fernando"]
[Result "0-1"]
[WhiteElo "1628"]
[BlackElo "1833"]
[PlyCount "36"]
[EventDate "2020.??.??"]
[WhiteTeam "Enroque Barbastro"]
[BlackTeam "Jaque B"]

1. e4 e5 2. Nf3 d6 3. d4 Nd7 4. Be3 Ngf6 5. Nc3 Be7 6. h3 c6 7. Qd2 b5 8. Bd3
O-O 9. O-O Qc7 10. Ne2 c5 11. c3 exd4 12. cxd4 c4 13. Rac1 Qb7 14. Bb1 Nxe4 15.
Qc2 Ndf6 16. Ng5 Bf5 17. g4 Nxg5 18. Qxf5 Nf3+ 0-1

[Event "Cto de Aragon por Equipos Preferente"]
[Site "?"]
[Date "2020.02.29"]
[Round "6.43"]
[White "Carrasquer Alonso, Luis"]
[Black "Delgado Pascual, Hugo"]
[Result "1-0"]
[WhiteElo "1818"]
[BlackElo "1568"]
[PlyCount "101"]
[EventDate "2020.??.??"]
[WhiteTeam "Jaque B"]
[BlackTeam "Enroque Barbastro"]

1. e4 c5 2. Nf3 d6 3. Bb5+ Nd7 4. O-O a6 5. Be2 Ngf6 6. d3 e5 7. c3 Be7 8. h3
O-O 9. Be3 b5 10. Nbd2 Bb7 11. Nh2 d5 12. exd5 Nxd5 13. Bf3 f5 14. c4 bxc4 15.
Nxc4 f4 16. Bd2 Rb8 17. Ng4 Qc7 18. Ba5 Qc8 19. Re1 Rf5 20. Ncxe5 Nxe5 21. Nxe5
Bf6 22. Bg4 Bxe5 23. Rxe5 Rxe5 24. Bxc8 Rxc8 25. Qb3 Bc6 26. Re1 Rxe1+ 27. Bxe1
Kf7 28. Qc4 Bb7 29. Qe4 g6 30. Bc3 Re8 31. Qc4 Rc8 32. d4 cxd4 33. Qxd4 Rc7 34.
Qg7+ Ke8 35. Qe5+ Kf7 36. a3 Re7 37. Qg7+ Ke6 38. Qg8+ Rf7 39. Qb8 Re7 40. Bd2
Rf7 41. Qe8+ Re7 42. Qa4 Rf7 43. Qd4 g5 44. Bc3 h6 45. Qh8 Nxc3 46. bxc3 Rf6
47. Qe8+ Kd6 48. Qd8+ Ke5 49. Qb8+ Rd6 50. Qxb7 h5 51. Kf1 1-0

[Event "Cto de Aragon por Equipos Preferente"]
[Site "?"]
[Date "2020.02.29"]
[Round "6.45"]
[White "Hinojar Basa, Alfonso"]
[Black "Galstyan, David"]
[Result "1-0"]
[WhiteElo "2170"]
[BlackElo "1825"]
[PlyCount "37"]
[EventDate "2020.??.??"]
[WhiteTeam "Marcos Frechin A"]
[BlackTeam "El Olivar C"]

1. e4 e5 2. Nf3 Nc6 3. Bc4 Nf6 4. d3 h6 5. O-O d6 6. c3 Bg4 7. Nbd2 g5 8. Qb3
Be7 9. Bxf7+ Kf8 10. Bg6 d5 11. Qxb7 Na5 12. Qa6 c6 13. b4 dxe4 14. Bxe4 Nxe4
15. dxe4 Bxf3 16. Nxf3 Qb6 17. Qxa5 Qxa5 18. bxa5 Bf6 19. Be3 1-0

[Event "Cto de Aragon por Equipos Preferente"]
[Site "?"]
[Date "2020.02.29"]
[Round "6.46"]
[White "Labrador Postigo, Francisco M"]
[Black "Ciriano Lamban, Alejandro"]
[Result "0-1"]
[WhiteElo "1822"]
[BlackElo "2043"]
[PlyCount "34"]
[EventDate "2020.??.??"]
[WhiteTeam "El Olivar C"]
[BlackTeam "Marcos Frechin A"]

1. Nf3 Nf6 2. c4 g6 3. b4 a5 4. b5 Bg7 5. Bb2 a4 6. Na3 c6 7. g3 d5 8. Bg2 dxc4
9. bxc6 Nxc6 10. Nxc4 Be6 11. Nce5 Qb6 12. Bc3 Ne4 13. Qb1 Qxf2+ 14. Kd1 Nxc3+
15. dxc3 Nxe5 16. Nxe5 Qxg2 17. Qb5+ Kf8 0-1

[Event "Cto de Aragon por Equipos Preferente"]
[Site "?"]
[Date "2020.02.29"]
[Round "6.47"]
[White "Ruiperez Gumiel, Ramon"]
[Black "De La Riva Fernandez, Eduardo"]
[Result "1/2-1/2"]
[WhiteElo "1889"]
[BlackElo "1800"]
[PlyCount "53"]
[EventDate "2020.??.??"]
[WhiteTeam "Marcos Frechin A"]
[BlackTeam "El Olivar C"]

1. e4 e6 2. b3 d5 3. Bb2 c5 4. Bb5+ Bd7 5. Bxd7+ Qxd7 6. exd5 exd5 7. Qe2+ Qe6
8. Nc3 Nf6 9. Nb5 Kd7 10. Qxe6+ fxe6 11. Nf3 Nc6 12. Ne5+ Nxe5 13. Bxe5 a6 14.
Nc3 Bd6 15. Bxd6 Kxd6 16. d3 d4 17. Ne4+ Nxe4 18. dxe4 e5 19. Rd1 b5 20. g3
Rhf8 21. O-O Rf3 22. Rd3 Raf8 23. Kg2 R3f7 24. Rd2 Rf3 25. Rd3 R3f7 26. Rd2 Rf3
27. Rd3 1/2-1/2

[Event "Cto de Aragon por Equipos Preferente"]
[Site "?"]
[Date "2020.02.29"]
[Round "6.48"]
[White "Salete Sanchez, Victor"]
[Black "Lopez Lozano, David"]
[Result "0-1"]
[WhiteElo "1424"]
[BlackElo "1696"]
[PlyCount "90"]
[EventDate "2020.??.??"]
[WhiteTeam "El Olivar C"]
[BlackTeam "Marcos Frechin A"]

1. d4 Nf6 2. c4 e6 3. Nc3 Bb4 4. Qb3 Bxc3+ 5. bxc3 b6 6. Nf3 Bb7 7. Bg5 h6 8.
Bh4 d6 9. e3 Nbd7 10. Be2 Qc8 11. O-O O-O 12. a4 a5 13. Rab1 Ne4 14. Rfd1 Ba6
15. Bd3 Bb7 16. Nd2 Nxd2 17. Rxd2 Kh8 18. Qb5 f5 19. f4 Ba6 20. Qc6 Bb7 21. Qb5
Qe8 22. Rf1 Qf7 23. Be2 c6 24. Qb2 Rab8 25. Bf3 Ba8 26. Rfd1 Rg8 27. d5 cxd5
28. cxd5 e5 29. c4 Rgc8 30. Rc1 Qe8 31. Qb5 exf4 32. exf4 Qe3+ 33. Bf2 Qxd2 34.
Rd1 Qxf4 35. Qxd7 Rxc4 36. Bg3 Qe3+ 37. Bf2 Qe5 38. Bxb6 Rbc8 39. Qb5 Rc1 40.
Qd3 Rxd1+ 41. Qxd1 Qb2 42. Be3 Qa3 43. Kf2 Re8 44. Qd2 Qxa4 45. Bxh6 Qh4+ 0-1

[Event "Cto de Aragon por Equipos Preferente"]
[Site "?"]
[Date "2020.02.29"]
[Round "6.49"]
[White "Vallverdu Miret, Oscar"]
[Black "Sanchez Castro, Roberto"]
[Result "1-0"]
[WhiteElo "2098"]
[BlackElo "1943"]
[PlyCount "69"]
[EventDate "2020.??.??"]
[WhiteTeam "Fraga"]
[BlackTeam "IberCaja B"]

1. d4 Nf6 2. Bg5 d5 3. Bxf6 exf6 4. e3 Bf5 5. Nd2 Nd7 6. Ne2 a6 7. Ng3 Bg6 8.
h4 h6 9. c3 Bd6 10. h5 Bh7 11. Qg4 Rg8 12. Nf5 Bf8 13. e4 c6 14. Bd3 g6 15.
hxg6 Bxg6 16. O-O-O Qa5 17. exd5 cxd5 18. Rde1+ Kd8 19. Qe2 Rc8 20. Kb1 h5 21.
Nb3 Qb6 22. Rh3 Kc7 23. Re3 Rd8 24. Qf3 Kb8 25. Re8 Bd6 26. Rxg8 Rxg8 27. Qxd5
Rd8 28. Kc2 Bf4 29. Re7 Ne5 30. Rxb7+ Qxb7 31. Qxd8+ Ka7 32. dxe5 Qxg2 33. Qd4+
Kb8 34. Qxf4 Qh3 35. e6+ 1-0

[Event "Cto de Aragon por Equipos Preferente"]
[Site "?"]
[Date "2020.02.29"]
[Round "6.50"]
[White "Millan Martin, Alfonso"]
[Black "Aribau Rivas, Miguel Angel"]
[Result "0-1"]
[WhiteElo "1917"]
[BlackElo "2026"]
[PlyCount "94"]
[EventDate "2020.??.??"]
[WhiteTeam "IberCaja B"]
[BlackTeam "Fraga"]

1. c4 Nf6 2. Nc3 c5 3. g3 Nc6 4. Bg2 g6 5. Nf3 Bg7 6. O-O O-O 7. d4 cxd4 8.
Nxd4 Qb6 9. Nb3 d6 10. Nd5 Nxd5 11. cxd5 Ne5 12. Be3 Qa6 13. Bd4 Bd7 14. Nd2
Rfc8 15. Ne4 Rc4 16. e3 Rc7 17. Nc3 b5 18. a3 Rb8 19. b4 Rbc8 20. f4 Bg4 21.
Qb3 Rxc3 22. Bxc3 Rxc3 23. Qxc3 Nf3+ 24. Bxf3 Bxc3 25. Bxg4 Bxa1 26. Rxa1 Kg7
27. Kf2 Qb7 28. Rd1 Qc7 29. Be2 Qc2 30. h4 a6 31. Rd3 h5 32. Kf3 Qc1 33. Kf2
Kf6 34. e4 Qa1 35. Bf3 Qb2+ 36. Be2 Kg7 37. Kf3 f6 38. Ke3 Qc1+ 39. Kf2 Kh6 40.
Re3 Qd2 41. Rd3 Qb2 42. Re3 Qd4 43. Kf3 g5 44. fxg5+ fxg5 45. hxg5+ Kxg5 46.
Kf2 h4 47. gxh4+ Kf4 0-1

[Event "Cto de Aragon por Equipos Preferente"]
[Site "?"]
[Date "2020.02.29"]
[Round "6.51"]
[White "Chine Infantes, Miguel Angel"]
[Black "Garcia Monterde, Francisco Jose"]
[Result "1/2-1/2"]
[WhiteElo "1799"]
[BlackElo "1847"]
[PlyCount "63"]
[EventDate "2020.??.??"]
[WhiteTeam "Fraga"]
[BlackTeam "IberCaja B"]

1. e4 c5 2. Nf3 e6 3. c4 Nc6 4. Nc3 g6 5. d3 Bg7 6. Bg5 f6 7. Be3 d6 8. Be2 e5
9. Qc1 Nd4 10. Bd2 Be6 11. Nxd4 cxd4 12. Nd5 Rc8 13. Qd1 Qd7 14. Rc1 f5 15. f3
f4 16. b4 b6 17. a4 Nf6 18. b5 Bxd5 19. cxd5 O-O 20. Rc6 Rxc6 21. bxc6 Qe7 22.
O-O Ne8 23. Qb3 Nc7 24. Bb4 Rb8 25. Ra1 a6 26. Ba5 Na8 27. Rb1 Qa7 28. Be1 Bf6
29. a5 b5 30. Bb4 Be7 31. Qa3 Qc7 32. Rc1 1/2-1/2